El control de los Cibermedios

Bibliographic Details
Main Author: Gavara de Cara, Juan Carlos
Other Authors: de Miguel Br̀cena, Josu, Ragone, Sabrina
Format: eBook
Language:Spanish
Published: Barcelona: J.M. Bosch Editor, 2014
Subjects:
Online Access:Acceso restringido

MARC

LEADER 00000nam a22000007a 4500
005 20140917200551.0
007 cr|||| ||||
008 140917s2014 es |||||s|||| 00||0 spa d
020 |a 978-84-942385-4-3 
035 |a 12384 
040 |a vLex 
090 |c 5161  |d 5161 
100 1 |a Gavara de Cara, Juan Carlos 
245 1 3 |a El control de los Cibermedios  |h [Recurso electrn̤ico] /  |c Juan Carlos Gavara de Cara, Josu de Miguel Br̀cena, Sabrina Ragone 
256 |a Servicio en ln̕ea 
260 |a Barcelona:  |b J.M. Bosch Editor,  |c 2014 
300 |a 1 recurso electrn̤ico 
506 1 |a Disponible solo en los productos indicados  |d vLex Global  |d vLex Global (Academic Edition, excluding Law Schools)  |d vLex Global (U.S. Academic Edition, Law Schools)  |d vLex Global (U.S. Academic Edition, excluding Law Schools)  |d vLex Global (Academic Edition, Law Schools) 
650 0 4 |a Telecomunicaciones  |z Espaą 
650 0 4 |a Derechos y Deberes fundamentales  |z Espaą 
700 1 |a de Miguel Br̀cena, Josu 
700 1 |a Ragone, Sabrina 
740 0 |a vLex Libros (Servicio en ln̕ea) 
856 4 0 |u http://vlex.com/source/control-cibermedios-12384  |z Acceso restringido 
942 |c BOOK 
999 0 |a Telecommunications  
999 0 |a Fundamental Rights and Duties